000 00790nam a2200265 a 4500
001 80350
003 BD-RjUL
005 20220914102430.0
008 220914s2016 bg ||||| |||| 00| 0 eng d
020 _a9789849016090
035 _a(BD-RjUL)80350
040 _aBD-RjUL
_beng
_cBD-RjUL
041 _aeng
082 _223
_a954.92
_bBAN 2016
245 _aBangladesh /
_cedited by Anisuzzaman, Syed Manzoorul Islam, Ziaul Karim.
260 _aDhaka :
_bNymphea,
_c2016
300 _a495 p. :
_bill.;
_c20 cm.
651 _aBangladesh
651 _aBangladesh Histoire Ouvrages illustrés
_94789
651 _aBangladesh Social life and customs
_94790
700 _aAnisuzzaman
_92235
700 _aIslam, Syed Manzoorul
_94791
700 _aKarim, Ziaul
_94792
942 _2ddc
_cBK
999 _c80350
_d80350